Statistiques concernant Joueurs de football par images - Q / U / X / Y

Cliquez ici pour prendre le quiz!

Statistiques générales

  • Ce quiz a été pris 487 fois
  • Le résultat moyen est 12 sur 20

Statistiques - réponses

Réponse% Correct
Samuel Umtiti
99%
Xavi
98%
Dayot Upamecano
91%
Ricardo Quaresma
86%
Granit Xhaka
85%
Lev Yachine
83%
Cengiz Ünder
78%
Burak Yilmaz
74%
Manuel Ugarte
70%
Ashley Young
62%
Andriy Yarmolenko
59%
Sven Ulreich
58%
Fabio Quagliarella
54%
Xeka
48%
Mapou Yanga-Mbiwa
34%
Mario Yepes
31%
Maya Yoshida
21%
Juan Fernando Quintero
19%
Dwight Yorke
15%
John Utaka
9%

Distribution des résultats

Percentile par nombre de réponses

% des personnes avec chaque résultat

Votre développement - résultats

Vous n’avez pas pris ce quiz